| 000 | 00955cam a2200265 i 4500 | ||
|---|---|---|---|
| 001 | 1356890281 | ||
| 003 | OSt | ||
| 005 | 20250430120943.0 | ||
| 008 | 230113s2022 si a ob 000 0beng d | ||
| 020 | _z9789811957543 (hardcover) | ||
| 040 |
_aYDX _beng _erda _cYDX _dNUST |
||
| 050 | 4 | _aTL789.85 LV | |
| 100 | 1 |
_aLv, Chengdong _eAuthor |
|
| 245 | 1 | 0 |
_aReturn to China one day : _bthe learning life of Qian Xuesen / _cChengdong Lv. |
| 260 |
_aSingapore : _bZhejiang Science and Technology Publishing House, _c2022. |
||
| 300 |
_axii, 190 pages : _bIllustrations ; _c24 cm. |
||
| 336 |
_atext _btxt _2rdacontent |
||
| 337 |
_aunmediated _bn _2rdamedia |
||
| 338 |
_avolume _bnc _2rdacarrier |
||
| 504 | _aIncludes bibliographical references. | ||
| 650 | 0 | _vAstronautics -- Biography. | |
| 650 | 0 | _vAerospace engineers -- China -- Biography. | |
| 650 | 0 | _vPhysicists -- China -- Biography. | |
| 942 |
_2lcc _cBOOKS _hTL789.85 LV _kTL _mLV _n0 |
||
| 999 |
_c171726 _d171726 |
||